000
00243nam a2200097Ia 4500
008
190216s9999||||xx |||||||||||||| ||und||
100
_a
Rose Mary
245
2
_a
A Dictionary Of Philosaphy
260
_b
"Progress Publishers, Moscow"
942
_c
REF
999
_c
35133
_d
35133